000 01940cam a2200397Li 4500
001 ocn470635964
003 TZ-ArACH
005 20130510104512.0
008 070222s2007 fr f 100 0 fre d
015 _a00715502
_2bnf
016 7 _aFRBNF409865230000007
_2FrPBN
020 _a9782711007998
020 _a2711007995
035 _a(OCoLC)470635964
040 _aBDF
_encafnor
_bfre
_cTZ-ArACH
_dZWZ
041 _aFre
049 _aTZAA
050 _aK3240 .B553
082 1 4 _a344.041 9
_222
245 0 0 _aBioéthique et droit international : autour de la Déclaration universelle sur la bioéthique et les droits de l'homme
_bautour de la Déclaration universelle sur la bioéthique et les droits de l'homme : [colloque tenu à l'Institut Curie, Paris, 25-26 février 2005] /
_c[organisé par l'] Association internationale Droit, éthique et science ; avec la collaboration de la Commission nationale française pour l'UNESCO ; sous la direction de Christian Byk,...
260 _aParis :
_bLitec,
_c2007
_e(Paris :
_fImpr. Jouve)
300 _a1 vol. (XX-210 p.) ;
_c24 cm.
490 0 _aColloques et débats ;
_v4
500 _aEn appendice, choix de documents.
650 7 _aBioéthique
_xDroit international
_xCongrès.
_99933
650 7 _aBioéthique
_xActes de congrès.
_99934
700 1 _aByk, Christian.
_4pbd
_99935
710 2 _aFrance.
_bCommission pour l'Unesco.
_4clb
_99936
710 2 _aAssociation internationale Droit, éthique et science.
_4edt
_99937
760 0 _tColloques & débats (Paris)
_x1952-2479
_g4
_w(FrPBN)40214175
856 4 2 _3Notice et cote du catalogue de la Bibliothèque nationale de France
_uhttp://catalogue.bnf.fr/ark:/12148/cb409865235
886 1 _2intermrc
_a009
_ba--dk--s-----------
886 2 _2intermrc
_a680
_b0-
_a340
_b340
942 _2lcc
_cBOOK
999 _c2197
_d2197